000 00725nam a22002177a 4500
003 UA-OsUOA
001 43397
007 ta
008 20090624b un ||||| |||| 00| 0 ukr d
090 _a050
_bС25
942 _cNP
040 _aUA-OsUOA
_bukr
_cUA-OsUOA
_dUA-OsUOA
245 _aСвобода
_bП'ятниця, 16 травня 2008 року
955 _a4
041 _aukr
080 _a050
310 _aРаз на тиждень
250 _nВидає Український Народний Союз
650 7 _a050 Серійні публікації. Періодика галузі, Організація та інші типи поєднання (співробітництва)
_2UDC
999 _c441873
_d441873